000
00336 a2200157 4500
001
190555
020
_a
978-1-84135-193-3
040
_c
Magnum
100
_a
Andrews, Jackie
240
1
0
_a
The gingerbread man
_l
ING
245
1
0
_a
The gingerbread man
300
_a
24
362
0
_a
2003
697
_a
LITERATURA INGLESA
942
_c
BK
999
_c
190555
_d
190555